[Event "Ct. Catalunya eq DH"]
[Site "?"]
[Date "2013.02.09"]
[Round "4.7"]
[White "Avila Jimenez, X."]
[Black "Mateu Guiu, E."]
[Result "1/2-1/2"]
[WhiteElo "2250"]
[BlackElo "2156"]
[PlyCount "71"]
[EventDate "2013.??.??"]
[EventType "tourn"]
[EventRounds "11"]

1. d4 Nf6 2. c4 g6 3. Nc3 Bg7 4. e4 d6 5. f4 O-O 6. Nf3 c5 7. d5 e6 8. dxe6
Bxe6 9. Bd3 Bg4 10. O-O Nc6 11. h3 Bxf3 12. Qxf3 a6 13. Be3 Qa5 14. Rad1 Rad8
15. a3 Rfe8 16. Kh1 Qc7 17. g4 h6 18. h4 h5 19. Nd5 Nxd5 20. cxd5 Nd4 21. Bxd4
hxg4 22. Qxg4 Bxd4 23. h5 Qd7 24. f5 Kg7 25. Kg2 Rg8 26. h6+ Kh7 27. Kh1 gxf5
28. Qh3 Be5 29. exf5 Bf6 30. Rg1 Rxg1+ 31. Rxg1 Rg8 32. Rg7+ Rxg7 33. hxg7+
Kxg7 34. Qg4+ Kf8 35. b4 cxb4 36. Qxb4 1/2-1/2

[Event "Ct. Catalunya eq DH"]
[Site "?"]
[Date "2013.02.09"]
[Round "4.7"]
[White "Manera Lopez, J."]
[Black "Ducarmon, Q."]
[Result "1/2-1/2"]
[WhiteElo "2280"]
[BlackElo "2402"]
[PlyCount "37"]
[EventDate "2013.??.??"]
[EventType "tourn"]
[EventRounds "11"]

1. d4 d5 2. Nf3 Nf6 3. e3 Bf5 4. Bd3 Bxd3 5. Qxd3 c6 6. c4 e6 7. Nc3 Nbd7 8.
O-O Bb4 9. a3 Bxc3 10. Qxc3 O-O 11. b3 Ne4 12. Qc2 b5 13. Nd2 Nxd2 14. Bxd2 a5
15. cxb5 cxb5 16. Qc6 Qb6 17. Qxd7 Ra7 18. Bxa5 Qxa5 19. Qd6 1/2-1/2

[Event "Ct. Catalunya eq DH"]
[Site "?"]
[Date "2013.02.09"]
[Round "4.7"]
[White "Pardo Simon, D."]
[Black "De la Riva Aguado, J."]
[Result "1-0"]
[WhiteElo "2418"]
[BlackElo "2320"]
[PlyCount "74"]
[EventDate "2013.??.??"]
[EventType "tourn"]
[EventRounds "11"]

1. Nf3 Nf6 2. c4 c5 3. g3 g6 4. Bg2 Bg7 5. O-O Nc6 6. Nc3 O-O 7. d3 a6 8. a3
Rb8 9. e4 Ne8 10. Be3 Nd4 11. e5 Nxf3+ 12. Bxf3 Bxe5 13. Bxc5 d6 14. Ba7 Ra8
15. Be3 Bg7 16. a4 Nf6 17. a5 h5 18. Qd2 Rb8 19. Ba7 Ra8 20. Bb6 Qe8 21. Rfe1
e6 22. d4 Qe7 23. b4 Kh7 24. b5 Bh6 25. Qd3 e5 26. c5 Bf5 27. Qe2 Rfe8 28. bxa6
Rxa6 29. cxd6 Qxd6 30. Nb5 Qb4 31. Nc7 Rxb6 32. Nxe8 Re6 33. Nxf6+ Rxf6 34.
dxe5 Ra6 35. Be4 Bg4 36. Qa2 Be6 37. Qb1 Qd2 1-0

[Event "Ct. Catalunya eq DH"]
[Site "?"]
[Date "2013.02.09"]
[Round "4.7"]
[White "Pueyo Burrell, D."]
[Black "Maroto Borras, JL."]
[Result "1/2-1/2"]
[WhiteElo "2306"]
[BlackElo "2226"]
[PlyCount "110"]
[EventDate "2013.??.??"]
[EventType "tourn"]
[EventRounds "11"]

1. e4 e6 2. d4 d5 3. Nc3 Bb4 4. e5 c5 5. Bd2 Ne7 6. Nb5 Bxd2+ 7. Qxd2 O-O 8. f4
a6 9. Nd6 cxd4 10. Nf3 Nbc6 11. Bd3 f5 12. O-O-O Qb6 13. h3 Bd7 14. g4 Nb4 15.
Kb1 Rad8 16. a3 Nxd3 17. Qxd3 Nc8 18. Nxc8 Rxc8 19. Nxd4 g6 20. gxf5 gxf5 21.
Rdg1+ Kh8 22. Rg3 Qd8 23. Qf3 Rg8 24. Rhg1 Qh4 25. Nxf5 Rxg3 26. Qxg3 Qxg3 27.
Nxg3 Rf8 28. Nh5 Be8 29. Nf6 Bg6 30. Rg3 Rc8 31. Rc3 Rxc3 32. bxc3 Kg7 33. a4
Bf5 34. h4 Kg6 35. h5+ Kh6 36. Kc1 a5 37. Kd1 Kg7 38. Kd2 Kf7 39. c4 dxc4 40.
Kc3 Ke7 41. Kxc4 Bxc2 42. Kb5 Kd8 43. Kxa5 Kc7 44. Kb5 Bd3+ 45. Kb4 b6 46. Kc3
Bb1 47. Kc4 Kc6 48. Kb4 Bc2 49. Kc3 Bb1 50. Kd4 Bc2 51. h6 Kc7 52. Kc3 Bb1 53.
Kb4 Kc6 54. Kc4 Bc2 55. Kc3 Bb1 1/2-1/2

[Event "Ct. Catalunya eq DH"]
[Site "?"]
[Date "2013.02.09"]
[Round "4.8"]
[White "Castillo Fernandez, C."]
[Black "Rodriguez Vargas, O."]
[Result "1/2-1/2"]
[WhiteElo "2223"]
[BlackElo "2408"]
[PlyCount "41"]
[EventDate "2013.??.??"]
[EventType "tourn"]
[EventRounds "11"]

1. Nf3 d5 2. c4 c6 3. e3 Nf6 4. Nc3 g6 5. d4 Bg7 6. Bd3 O-O 7. O-O Bg4 8. cxd5
Nxd5 9. h3 Bxf3 10. Qxf3 e6 11. Bd2 Nd7 12. Nxd5 cxd5 13. Rfc1 Qb6 14. b4 Rfc8
15. a4 Qd6 16. Rab1 e5 17. dxe5 Nxe5 18. Qe2 a6 19. Bc3 Nf3+ 20. Qxf3 Bxc3 21.
b5 1/2-1/2

[Event "Ct. Catalunya eq DH"]
[Site "?"]
[Date "2013.02.09"]
[Round "4.8"]
[White "Espinoza Palomino, W."]
[Black "Pascual Genoves, M."]
[Result "1-0"]
[WhiteElo "2290"]
[BlackElo "2302"]
[PlyCount "91"]
[EventDate "2013.??.??"]
[EventType "tourn"]
[EventRounds "11"]

1. e4 e6 2. d4 d5 3. Nc3 Bb4 4. e5 c5 5. a3 Bxc3+ 6. bxc3 Qa5 7. Bd2 Qa4 8. Qg4
g6 9. Qd1 Nc6 10. Nf3 c4 11. h4 h6 12. g3 Bd7 13. Bg2 O-O-O 14. O-O f6 15. exf6
Nxf6 16. Ne5 Nxe5 17. dxe5 Ne4 18. Bxe4 dxe4 19. Be3 g5 20. hxg5 hxg5 21. Qd6
Rh5 22. Kg2 b6 23. Rh1 Rxh1 24. Rxh1 g4 25. Rc1 Rh8 26. Rd1 Qc6 27. Qe7 Rd8 28.
Qg7 Qa4 29. Rd2 Bc6 30. Rd6 Bd7 31. Rd4 Bc6 32. Qxg4 Rd7 33. Rd6 Rc7 34. Qxe6+
Kb7 35. Qf6 Qxa3 36. Rd4 Qxc3 37. e6 Qxc2 38. e7 Be8 39. Rd8 Qa4 40. Bf4 Rc5
41. Qh8 Rc8 42. Qe5 Rc5 43. Qb8+ Ka6 44. Be3 Bh5 45. Bxc5 Bf3+ 46. Kh3 1-0

[Event "Ct. Catalunya eq DH"]
[Site "?"]
[Date "2013.02.09"]
[Round "4.8"]
[White "Jose Abril, R."]
[Black "Colls Gelaberto, E."]
[Result "1-0"]
[WhiteElo "2397"]
[BlackElo "2249"]
[PlyCount "71"]
[EventDate "2013.??.??"]
[EventType "tourn"]
[EventRounds "11"]

1. d4 Nf6 2. c4 g6 3. Nc3 Bg7 4. e4 d6 5. Nge2 O-O 6. Ng3 c5 7. d5 Na6 8. Be2
Nc7 9. O-O a6 10. a4 Rb8 11. a5 b5 12. axb6 Rxb6 13. Ra2 e6 14. Bf4 exd5 15.
exd5 Nd7 16. Na4 Qf6 17. Qd2 Rb4 18. Ne4 Qd4 19. Qxd4 Bxd4 20. Bxd6 Re8 21. Bd3
Rxe4 22. Bxe4 Ne8 23. Bf4 Rxc4 24. Bd3 Rb4 25. Bd2 Rb8 26. Be3 Nef6 27. Bc4 Ne5
28. b3 Bxe3 29. fxe3 Ne4 30. Rc1 Nd6 31. Nxc5 Bf5 32. Bxa6 Ng4 33. e4 Nxe4 34.
Nxe4 Bxe4 35. Rc8+ Rxc8 36. Bxc8 1-0

[Event "Ct. Catalunya eq DH"]
[Site "?"]
[Date "2013.02.09"]
[Round "4.8"]
[White "San Pedro Lopez, C."]
[Black "Castellano Egea, E."]
[Result "1-0"]
[WhiteElo "2168"]
[BlackElo "2296"]
[PlyCount "75"]
[EventDate "2013.??.??"]
[EventType "tourn"]
[EventRounds "11"]

1. d4 e6 2. c4 d5 3. Nf3 Nf6 4. Nc3 Be7 5. e3 O-O 6. b3 b6 7. Bd3 Bb7 8. O-O
Nbd7 9. Bb2 c5 10. cxd5 exd5 11. Rc1 Rc8 12. dxc5 bxc5 13. Bf5 Bd6 14. Nb5 Bb8
15. Bxf6 Nxf6 16. Bxc8 Qxc8 17. b4 c4 18. Qd4 Re8 19. Nxa7 Qd7 20. b5 Re4 21.
Qb6 Rg4 22. g3 Bxa7 23. Qxa7 h5 24. Ne5 Qe7 25. Nxg4 hxg4 26. Rfd1 Ne4 27. b6
Ng5 28. Qb8+ Kh7 29. Qc7 Qf6 30. Rc2 Qf3 31. Rd4 Nh3+ 32. Kf1 Ba6 33. Qa7 Qh1+
34. Ke2 Qb1 35. Kd2 Qb4+ 36. Kc1 Qe1+ 37. Rd1 Qb4 38. Qxa6 1-0

[Event "Ct. Catalunya eq DH"]
[Site "?"]
[Date "2013.02.09"]
[Round "4.9"]
[White "Bosque Ortega, X."]
[Black "Hernando Rodrigo, JM."]
[Result "0-1"]
[WhiteElo "2322"]
[BlackElo "2393"]
[PlyCount "78"]
[EventDate "2013.??.??"]
[EventType "tourn"]
[EventRounds "11"]

1. d4 f5 2. Nf3 Nf6 3. Bg5 e6 4. Nbd2 d5 5. e3 c5 6. c3 Nc6 7. Ne5 Bd6 8. Bb5
O-O 9. f4 Qb6 10. Qe2 Bxe5 11. fxe5 Ne4 12. Nxe4 fxe4 13. Bxc6 bxc6 14. Be7 Ba6
15. Bxc5 Qb7 16. Qc2 Rf5 17. O-O-O Rb8 18. Rd2 Bc4 19. Qa4 Bd3 20. b3 a6 21.
Bd6 Rc8 22. Qb4 Qf7 23. Kb2 h6 24. Ka3 Kh7 25. Rhd1 Ra8 26. Qc5 Qd7 27. Rb2 a5
28. Rdd2 Qf7 29. Qxc6 Ra7 30. Bc5 Rb7 31. b4 axb4+ 32. cxb4 Bb5 33. Qd6 Ra7+
34. Kb3 Bc4+ 35. Kc3 Ra3+ 36. Rb3 Bxb3 37. axb3 Rf2 38. b5 Ra1 39. Bb4 Rxd2 0-1

[Event "Ct. Catalunya eq DH"]
[Site "?"]
[Date "2013.02.09"]
[Round "4.9"]
[White "Castellet Giralt, G."]
[Black "Gomez Jurado, LA."]
[Result "0-1"]
[WhiteElo "2285"]
[BlackElo "2322"]
[PlyCount "98"]
[EventDate "2013.??.??"]
[EventType "tourn"]
[EventRounds "11"]

1. d4 d5 2. c4 c6 3. Nf3 Nf6 4. Nc3 e6 5. cxd5 cxd5 6. Bf4 Nc6 7. e3 a6 8. Bd3
Bd6 9. Bxd6 Qxd6 10. O-O O-O 11. Rc1 Bd7 12. Na4 Nb4 13. Bb1 Rac8 14. Nc3 b5
15. Ne5 Nc6 16. f4 Ne7 17. a3 a5 18. Qd3 b4 19. axb4 axb4 20. Nb5 Bxb5 21. Qxb5
Ne4 22. Bxe4 dxe4 23. Nc4 Qb8 24. Qe5 Qxe5 25. fxe5 Nd5 26. Kf2 f6 27. Ke2 f5
28. g3 Ra8 29. Ra1 Rfc8 30. Rxa8 Rxa8 31. Kd2 g5 32. Nd6 Ra2 33. Nc4 Kg7 34. h3
Ra6 35. Nd6 Rc6 36. g4 b3 37. Ra1 Rc2+ 38. Ke1 fxg4 39. hxg4 Rxb2 40. Ra7+ Kf8
41. Ra8+ Ke7 42. Ra7+ Kd8 43. Rb7 Nxe3 44. Nxe4 Nxg4 45. Nxg5 Kc8 46. Rb4 Ne3
47. Rb6 Nc2+ 48. Kd1 Nxd4 49. Rb4 Nc6 0-1

[Event "Ct. Catalunya eq DH"]
[Site "?"]
[Date "2013.02.09"]
[Round "4.9"]
[White "Lillo Ferrer, JM."]
[Black "Borras Duran, P."]
[Result "1-0"]
[WhiteElo "2200"]
[BlackElo "2325"]
[PlyCount "113"]
[EventDate "2013.??.??"]
[EventType "tourn"]
[EventRounds "11"]

1. e4 g6 2. d4 Bg7 3. Nc3 d6 4. Be3 a6 5. Qd2 b5 6. h4 h5 7. Nh3 Bb7 8. Ng5 Nf6
9. f3 Nbd7 10. O-O-O Rc8 11. e5 dxe5 12. dxe5 Nxe5 13. Qxd8+ Rxd8 14. Rxd8+
Kxd8 15. Bd4 Nc6 16. Bxf6 Bxf6 17. Nxf7+ Ke8 18. Nxh8 Bxh8 19. Bd3 Ne5 20. Be4
Bxe4 21. Nxe4 Nc4 22. b3 Ne3 23. g3 Be5 24. c3 a5 25. Kd2 Nd5 26. c4 bxc4 27.
bxc4 Nb4 28. a3 Nc6 29. Rb1 Kd7 30. Kd3 Bg7 31. Nd2 Be5 32. f4 Bd6 33. a4 Ke6
34. Rb5 Bb4 35. Nf3 Kf6 36. Rg5 e6 37. Nd4 Nd8 38. Nc2 Bd6 39. Rxa5 e5 40. Ke4
exf4 41. gxf4 Ne6 42. Ne3 Nc5+ 43. Kf3 Nb3 44. Rd5 Ke6 45. f5+ gxf5 46. Nxf5
Be5 47. Ke4 Bc3 48. Ne3 Bb4 49. Rxh5 Nc5+ 50. Rxc5 Bxc5 51. a5 c6 52. a6 Kd7
53. h5 Kc8 54. Nf5 Ba3 55. h6 Bb2 56. Nd4 c5 57. Nb5 1-0

[Event "Ct. Catalunya eq DH"]
[Site "?"]
[Date "2013.02.09"]
[Round "4.9"]
[White "Martin Gonzalez, A."]
[Black "Aoiz Linares, JJ."]
[Result "1-0"]
[WhiteElo "2440"]
[BlackElo "2216"]
[PlyCount "51"]
[EventDate "2013.??.??"]
[EventType "tourn"]
[EventRounds "11"]

1. e4 c5 2. Nf3 d6 3. d4 cxd4 4. Nxd4 Nf6 5. Nc3 a6 6. Bc4 e6 7. Bb3 Qc7 8. O-O
b5 9. Re1 Bb7 10. Bg5 Nbd7 11. Qf3 Qc5 12. Be3 Qh5 13. Qxh5 Nxh5 14. a4 b4 15.
Na2 Nhf6 16. Nxb4 Nxe4 17. c3 Rc8 18. a5 Be7 19. Ba4 Nec5 20. Bc6 Bxc6 21.
Ndxc6 Bf6 22. Rad1 Na4 23. Bc1 d5 24. Rxd5 Nxc3 25. bxc3 Bxc3 26. Bd2 1-0

[Event "Ct. Catalunya eq DH"]
[Site "?"]
[Date "2013.02.09"]
[Round "4.9"]
[White "Ruiz Manchon, FX."]
[Black "Hidalgo Ramos, A."]
[Result "1-0"]
[WhiteElo "2273"]
[BlackElo "1950"]
[PlyCount "47"]
[EventDate "2013.??.??"]
[EventType "tourn"]
[EventRounds "11"]

1. e4 c5 2. c3 Nc6 3. d4 cxd4 4. cxd4 d6 5. Nf3 g6 6. h3 Bg7 7. Nc3 a6 8. a4
Nf6 9. Be2 O-O 10. d5 Nb8 11. O-O Nbd7 12. Be3 Nc5 13. Nd2 Bd7 14. b4 Ncxe4 15.
Ndxe4 Nxe4 16. Nxe4 Bxa1 17. Qxa1 f6 18. a5 Rc8 19. Bb6 Qe8 20. Re1 Bb5 21. Bf3
Rc4 22. Nxd6 Qd7 23. Nxc4 Bxc4 24. Qd4 1-0

[Event "Ct. Catalunya eq DH"]
[Site "?"]
[Date "2013.02.09"]
[Round "4.10"]
[White "Bravo Barranco, N."]
[Black "Vives Jaume, O."]
[Result "1/2-1/2"]
[WhiteElo "2332"]
[BlackElo "2226"]
[PlyCount "64"]
[EventDate "2013.??.??"]
[EventType "tourn"]
[EventRounds "11"]

1. e4 e6 2. d4 d5 3. Nd2 Nf6 4. e5 Nfd7 5. Bd3 c5 6. c3 Nc6 7. Ne2 cxd4 8. cxd4
f6 9. exf6 Nxf6 10. Nf3 Bd6 11. Bf4 Bxf4 12. Nxf4 O-O 13. O-O Ne4 14. g3 Qf6
15. h4 h6 16. Bxe4 dxe4 17. Ne5 Rd8 18. Nxc6 bxc6 19. Qc2 Rb8 20. Rfe1 Rxd4 21.
Rxe4 Rxe4 22. Qxe4 e5 23. Qc4+ Kh7 24. Nd3 Bf5 25. Re1 e4 26. Nf4 g5 27. hxg5
hxg5 28. Nh5 Qg6 29. Qd4 Rf8 30. g4 Bxg4 31. Ng3 Bf3 32. Nxe4 Rf7 1/2-1/2

[Event "Ct. Catalunya eq DH"]
[Site "?"]
[Date "2013.02.09"]
[Round "4.10"]
[White "Gutierrez Clares, J."]
[Black "Pinsach Gelabert, A."]
[Result "1/2-1/2"]
[WhiteElo "2321"]
[BlackElo "2178"]
[PlyCount "57"]
[EventDate "2013.??.??"]
[EventType "tourn"]
[EventRounds "11"]

1. d4 d5 2. c4 e6 3. Nf3 c5 4. cxd5 exd5 5. Nc3 Nc6 6. g3 Nf6 7. Bg2 Be7 8. O-O
O-O 9. dxc5 Bxc5 10. Bg5 d4 11. Bxf6 Qxf6 12. Nd5 Qd8 13. Nd2 Be6 14. Nf4 Re8
15. Re1 Qb6 16. Nxe6 Rxe6 17. Nc4 Qa6 18. Bd5 Re7 19. a3 Rd8 20. Bxc6 Qxc6 21.
Qd3 Rde8 22. b4 Bb6 23. Nxb6 Qxb6 24. Rad1 g6 25. Qxd4 Qxd4 26. Rxd4 Rxe2 27.
Rxe2 Rxe2 28. Rd7 Ra2 29. Rxb7 1/2-1/2

[Event "Ct. Catalunya eq DH"]
[Site "?"]
[Date "2013.02.09"]
[Round "4.10"]
[White "Lluis Alabedra, A."]
[Black "Ayza Leon, D."]
[Result "0-1"]
[WhiteElo "2153"]
[BlackElo "2292"]
[PlyCount "41"]
[EventDate "2013.??.??"]
[EventType "tourn"]
[EventRounds "11"]

1. e4 e5 2. Nf3 Nc6 3. Bb5 a6 4. Ba4 Nf6 5. O-O Be7 6. Re1 b5 7. Bb3 Bb7 8. c3
d5 9. exd5 Nxd5 10. d4 exd4 11. Ng5 Na5 12. Qh5 g6 13. Qh6 Nxb3 14. Qg7 Kd7 15.
Qxf7 Nc5 16. cxd4 Kc8 17. dxc5 Bxg5 18. Qe6+ Kb8 19. Nc3 Nxc3 20. Bxg5 Qxg5 21.
bxc3 0-1

[Event "Ct. Catalunya eq DH"]
[Site "?"]
[Date "2013.02.09"]
[Round "4.10"]
[White "Obregon Pantebre, M."]
[Black "Moravich Casals, JS."]
[Result "0-1"]
[WhiteElo "1829"]
[BlackElo "2129"]
[PlyCount "50"]
[EventDate "2013.??.??"]
[EventType "tourn"]
[EventRounds "11"]

1. e4 e6 2. d3 d5 3. Nd2 c5 4. Ngf3 Nc6 5. g3 g6 6. Bg2 Bg7 7. O-O Nge7 8. c3
b6 9. Nb3 a5 10. a4 O-O 11. Re1 h6 12. d4 dxe4 13. Rxe4 cxd4 14. cxd4 Bb7 15.
Re1 Nb4 16. Be3 Rc8 17. Rc1 Bc6 18. Ra1 Bxf3 19. Bxf3 Nc2 20. Rb1 Nxe1 21. Qxe1
Nd5 22. Bd2 Qd7 23. h4 Qxa4 24. Nc1 Qxd4 25. Be3 Nxe3 0-1

[Event "Ct. Catalunya eq DH"]
[Site "?"]
[Date "2013.02.16"]
[Round "5.1"]
[White "Alonso Rosell, A."]
[Black "Muñoz Pantoja, M."]
[Result "1-0"]
[WhiteElo "2576"]
[BlackElo "2517"]
[PlyCount "59"]
[EventDate "2013.??.??"]
[EventType "tourn"]
[EventRounds "11"]

1. d4 c5 2. d5 Nf6 3. c4 d6 4. Nc3 g6 5. e4 Bg7 6. h3 O-O 7. Nf3 e6 8. Bd3 exd5
9. exd5 Re8+ 10. Be3 Bh6 11. O-O Bxe3 12. fxe3 Nbd7 13. e4 a6 14. Qd2 Qe7 15.
Rf2 Nh5 16. g4 Ng7 17. Qh6 f6 18. Raf1 Rf8 19. Qf4 Ne8 20. a3 b6 21. h4 Ra7 22.
g5 Ng7 23. gxf6 Nxf6 24. Ng5 Nd7 25. Nf7 Ne8 26. e5 dxe5 27. Qg3 Ndf6 28. Bxg6
Bg4 29. Nh6+ Kh8 30. Bxe8 1-0

[Event "Ct. Catalunya eq DH"]
[Site "?"]
[Date "2013.02.16"]
[Round "5.1"]
[White "Cuartas Medina, JA."]
[Black "Movsziszian, K."]
[Result "1-0"]
[WhiteElo "2555"]
[BlackElo "2517"]
[PlyCount "109"]
[EventDate "2013.??.??"]
[EventType "tourn"]
[EventRounds "11"]

1. e4 g6 2. d4 d6 3. Nf3 Bg7 4. Bc4 Nf6 5. Qe2 Nc6 6. e5 Nd7 7. Bxf7+ Kxf7 8.
e6+ Ke8 9. exd7+ Bxd7 10. c3 e6 11. d5 Ne5 12. Nd4 exd5 13. f4 Qh4+ 14. g3 Qe7
15. fxe5 dxe5 16. Nc2 Rf8 17. Be3 c5 18. Bf2 h5 19. Nd2 c4 20. O-O Bf5 21. Nb4
Qe6 22. Bc5 Rf7 23. Nf3 Bg4 24. Qe3 Bxf3 25. Rxf3 b6 26. Rxf7 Kxf7 27. Qf3+ Kg8
28. Be3 Rd8 29. Re1 a5 30. Nc2 b5 31. Bf2 Kh7 32. Rd1 Rd7 33. Qe2 Qf5 34. Ne3
Qe4 35. Qf1 d4 36. Qg2 Qxg2+ 37. Kxg2 Rc7 38. Nf1 b4 39. Kf3 Rf7+ 40. Kg2 Rc7
41. h3 g5 42. g4 hxg4 43. hxg4 a4 44. cxb4 a3 45. bxa3 c3 46. Ng3 Ra7 47. Ne2
Rxa3 48. Nc1 Ra4 49. Kf3 Rxb4 50. Nb3 Ra4 51. Ra1 Bf8 52. Ke4 Ba3 53. Rh1+ Kg8
54. Bg3 Bd6 55. Rh2 1-0

[Event "Ct. Catalunya eq DH"]
[Site "?"]
[Date "2013.02.16"]
[Round "5.1"]
[White "De la Riva Aguado, O."]
[Black "Narciso Dublan, M."]
[Result "1/2-1/2"]
[WhiteElo "2542"]
[BlackElo "2569"]
[PlyCount "60"]
[EventDate "2013.??.??"]
[EventType "tourn"]
[EventRounds "11"]

1. e4 d6 2. d4 Nf6 3. Nc3 g6 4. Bg5 Bg7 5. Qd2 h6 6. Bh4 g5 7. Bg3 Nh5 8. Nge2
Nd7 9. f3 Nxg3 10. Nxg3 Rg8 11. O-O-O e6 12. Nh5 Bh8 13. h4 a6 14. f4 b5 (14...
gxf4 $11) 15. e5 Bb7 16. hxg5 hxg5 17. Bd3 gxf4 $11 18. Nxf4 Nf8 $6 (18... Qe7
$11) 19. Rh5 (19. Qe3 Qe7 20. Be4 O-O-O 21. Bxb7+ Kxb7 22. Ne4 $14) 19... Qe7
20. Be4 O-O-O 21. Bxb7+ Kxb7 22. exd6 Qxd6 23. Ne4 $6 (23. Nce2 $11) 23... Qxd4
24. Rxh8 $4 (24. Nd3 $15) 24... Rxh8 $4 (24... Qxe4 25. Rxg8 Rxd2 $19) 25. Qxd4
Rxd4 26. Rxd4 e5 27. Nc5+ Kb6 28. Nd7+ Nxd7 29. Rxd7 exf4 30. Rxf7 Rg8 1/2-1/2

[Event "Ct. Catalunya eq DH"]
[Site "?"]
[Date "2013.02.16"]
[Round "5.1"]
[White "Valdes Romero, L."]
[Black "Alonso Garcia, R."]
[Result "1-0"]
[WhiteElo "2430"]
[BlackElo "2447"]
[PlyCount "79"]
[EventDate "2013.??.??"]
[EventType "tourn"]
[EventRounds "11"]

1. Nf3 Nf6 2. c4 e6 3. g3 d5 4. Bg2 Be7 5. b3 O-O 6. O-O b6 7. Bb2 Bb7 8. e3
Nbd7 9. Nc3 a5 10. d4 c6 11. Re1 Ba6 12. Nd2 b5 13. e4 dxc4 14. bxc4 e5 15.
cxb5 cxb5 16. Nd5 Bd6 17. Nxf6+ gxf6 18. Bh3 Nb6 19. Qg4+ Kh8 20. Qh5 Bc8 21.
dxe5 Bxe5 22. Bxc8 Nxc8 23. Bxe5 fxe5 24. Qxe5+ f6 25. Qb2 Nd6 26. Rad1 Qe7 27.
Nf3 b4 28. Rd5 Rac8 29. Qd2 Nc4 30. Qd4 a4 31. Rb1 Rc7 32. Kg2 Na3 33. Rd1 Rc4
34. Qd2 Rc2 35. Qf4 Rxa2 36. Rd7 Qc5 37. Qh6 Qxf2+ 38. Kh3 Qg2+ 39. Kg4 f5+ 40.
exf5 1-0

[Event "Ct. Catalunya eq DH"]
[Site "?"]
[Date "2013.02.16"]
[Round "5.2"]
[White "Baron Isanta, JM."]
[Black "Lopez Martinez, JM."]
[Result "1/2-1/2"]
[WhiteElo "2538"]
[BlackElo "2414"]
[PlyCount "146"]
[EventDate "2013.??.??"]
[EventType "tourn"]
[EventRounds "11"]

1. Nf3 d5 2. d4 c6 3. c4 e6 4. e3 Nf6 5. Nbd2 Nbd7 6. b3 Be7 7. Bd3 O-O 8. O-O
b6 9. Bb2 Bb7 10. Qe2 c5 11. cxd5 Nxd5 12. Ba6 Bxa6 13. Qxa6 cxd4 14. Nxd4 Nc5
15. Qe2 Qd7 16. Nc4 Rac8 17. Rfd1 Qb7 18. Qg4 Nf6 19. Qf3 Nfe4 20. Qg4 g6 21.
Nb5 Rcd8 22. Qe2 Qa6 23. Nd4 Rc8 24. f3 Nf6 25. e4 Na4 26. bxa4 Qxc4 27. Qxc4
Rxc4 28. a5 bxa5 29. Rac1 Rfc8 30. Kf1 Kf8 31. Ke2 Nh5 32. g3 e5 33. Nb3 a4 34.
Nd2 Rxc1 35. Rxc1 Rxc1 36. Bxc1 Bc5 37. Kd3 Ke8 38. Kc4 Be3 39. Kb4 f5 40. exf5
gxf5 41. Kxa4 f4 42. gxf4 Bxf4 43. h3 Kd7 44. Kb5 Ng3 45. Nb3 Ne2 46. Nc5+ Kd6
47. Ne4+ Ke6 48. Bxf4 exf4 49. Ng5+ Kf5 50. Nxh7 Nd4+ 51. Kc4 Nxf3 52. Kd3 Ne5+
53. Ke2 Ng6 54. Kf3 a5 55. Kf2 a4 56. Ke2 a3 57. Kd2 Ne5 58. Nf8 Nc4+ 59. Ke2
Nd6 60. Nd7 Ne4 61. Nb6 Nc3+ 62. Kf3 Nb5 63. Nc4 Nd4+ 64. Kf2 Nc2 65. Kf3 Nd4+
66. Kf2 Nb5 67. Kf3 Kg5 68. Kf2 Kf6 69. Kf3 Kf5 70. h4 Nd4+ 71. Kf2 Nc2 72. Kf3
Nd4+ 73. Kf2 Nc2 1/2-1/2

[Event "Ct. Catalunya eq DH"]
[Site "?"]
[Date "2013.02.16"]
[Round "5.2"]
[White "Fluvia Poyatos, Jordi"]
[Black "Lacasa Diaz, JA."]
[Result "1/2-1/2"]
[WhiteElo "2451"]
[BlackElo "2500"]
[PlyCount "42"]
[EventDate "2013.??.??"]
[EventType "tourn"]
[EventRounds "11"]

1. Nf3 c5 2. g3 g6 3. Bg2 Bg7 4. O-O Nc6 5. e4 Nf6 6. Re1 O-O 7. c3 e5 8. d4 d6
9. dxc5 dxc5 10. Qxd8 Rxd8 11. Bg5 Be6 12. Bf1 a6 13. Nbd2 b5 14. h3 h6 15. Be3
Bf8 16. Kg2 Nd7 17. a4 Rab8 18. axb5 axb5 19. Ra6 Rdc8 20. Rea1 c4 21. Rb1 Kg7
1/2-1/2

[Event "Ct. Catalunya eq DH"]
[Site "?"]
[Date "2013.02.16"]
[Round "5.2"]
[White "Sprenger, JA."]
[Black "Norwood, D."]
[Result "1-0"]
[WhiteElo "2497"]
[BlackElo "2511"]
[PlyCount "71"]
[EventDate "2013.??.??"]
[EventType "tourn"]
[EventRounds "11"]

1. e4 d6 2. d4 Nf6 3. Nc3 g6 4. f4 Bg7 5. Nf3 c5 6. Bb5+ Bd7 7. e5 Ng4 8. Bxd7+
Qxd7 9. d5 dxe5 10. h3 e4 11. Nxe4 Nf6 12. Nxf6+ Bxf6 13. O-O O-O 14. c4 Qd6
15. f5 Nd7 16. Qc2 b5 17. cxb5 Qxd5 18. Bg5 c4 19. a4 Rfd8 20. Bxf6 Nxf6 $6 21.
fxg6 hxg6 22. Rae1 Qc5+ $6 (22... a6 $14) 23. Qf2 Qb4 24. Nd4 $16 Rd7 25. Nc6
Qd6 26. Rxe7 Rxe7 27. Nxe7+ Kg7 $6 (27... Qxe7 28. Qxf6 Re8 29. Qxe7 Rxe7 $16)
28. Nc6 $18 a6 29. Qxf6+ Qxf6 30. Rxf6 axb5 31. Rf3 Rxa4 32. Ra3 Rxa3 33. bxa3
Kf6 34. Kf2 Kg5 35. g3 f5 36. Ke3 1-0

[Event "Ct. Catalunya eq DH"]
[Site "?"]
[Date "2013.02.16"]
[Round "5.3"]
[White "Fernandez Aguado, E."]
[Black "Delorme, Axel"]
[Result "1/2-1/2"]
[WhiteElo "2419"]
[BlackElo "2471"]
[PlyCount "59"]
[EventDate "2013.??.??"]
[EventType "tourn"]
[EventRounds "11"]

1. d4 Nf6 2. c4 e6 3. Nc3 d5 4. Nf3 c5 5. cxd5 cxd4 6. Qa4+ Bd7 7. Qxd4 exd5 8.
Ne5 Nc6 9. Nxc6 bxc6 10. e4 Bd6 11. exd5 O-O 12. Be2 Re8 13. O-O Be5 14. Qd3
Nxd5 15. Nxd5 cxd5 16. Bf3 Rb8 17. Qxd5 Bb5 18. Rd1 Qh4 19. g3 Qf6 20. Be3 Ba4
21. Rd2 Rbd8 22. Qb7 Rxd2 23. Bxd2 Bxb2 24. Rb1 Bd4 25. Rb4 Bd1 26. Qc6 Rd8 27.
Qxf6 Bxf6 28. Bxd1 Rxd2 29. Rb8+ Rd8 30. Rxd8+ 1/2-1/2

[Event "Ct. Catalunya eq DH"]
[Site "?"]
[Date "2013.02.16"]
[Round "5.3"]
[White "Prie, E."]
[Black "Alonso Moyano, J."]
[Result "1/2-1/2"]
[WhiteElo "2470"]
[BlackElo "2480"]
[PlyCount "59"]
[EventDate "2013.??.??"]
[EventType "tourn"]
[EventRounds "11"]

1. d4 f5 2. Bf4 Nf6 3. e3 e6 4. Nf3 Be7 5. h3 b6 6. Nbd2 Bb7 7. g4 h6 8. gxf5
exf5 9. Rg1 g5 10. Be5 (10. Bh2 $14) 10... d6 11. Bxf6 Bxf6 12. Bd3 $11 Qd7 13.
c3 Nc6 14. Qc2 Ne7 $15 15. e4 fxe4 16. Nxe4 Rf8 17. O-O-O O-O-O 18. h4 g4 $17
19. Nh2 Bxe4 20. Bxe4 Bxh4 $6 (20... h5 $17) 21. Nxg4 h5 22. Qe2 c6 23. Rh1
Qxg4 24. Qxg4+ hxg4 25. Rxh4 Rf4 26. f3 d5 27. Bd3 Rxf3 28. Rxg4 Rdf8 29. Rg7
Kd7 30. Re1 1/2-1/2

[Event "Ct. Catalunya eq DH"]
[Site "?"]
[Date "2013.02.16"]
[Round "5.3"]
[White "Rojas Keim, LA."]
[Black "Escandell Mari, JC."]
[Result "1/2-1/2"]
[WhiteElo "2456"]
[BlackElo "2366"]
[PlyCount "102"]
[EventDate "2013.??.??"]
[EventType "tourn"]
[EventRounds "11"]

1. d4 Nf6 2. Bg5 e6 3. e4 h6 4. Bxf6 Qxf6 5. Nc3 d6 6. Qd2 g5 7. Bc4 Bg7 8.
Nge2 Nc6 9. Rd1 Bd7 10. O-O O-O-O 11. Nb5 Qg6 12. d5 Ne5 13. Qa5 Bxb5 14. Bxb5
a6 15. f4 gxf4 16. Nxf4 Qxe4 17. Be2 h5 18. dxe6 fxe6 19. Nxe6 Nf3+ 20. Bxf3
Qxe6 21. Rde1 Qc4 22. c3 Qb5 23. Qxb5 axb5 24. Re7 Be5 25. Be2 Rd7 26. Rxd7
Kxd7 27. Bxb5+ Ke7 28. g3 Rf8 29. Rxf8 Kxf8 30. Be2 h4 31. gxh4 Bf4 32. Bf3 b6
33. Kg2 Kg7 34. h3 Bc1 35. b3 Kf6 36. Kf2 Bd2 37. c4 Ke5 38. Ke2 Bf4 39. Kd3 c5
40. h5 Bc1 41. Kc2 Bh6 42. Kc3 Bf4 43. b4 cxb4+ 44. Kxb4 Be3 45. Kb5 Kf6 46.
Kc6 Bc5 47. Kd5 Ba3 48. Be4 Kg5 49. Bg6 Bc5 50. Ke6 Kh6 51. Kf7 Ba3 1/2-1/2